La cuestion juvenil en Costa Rica
Sábháilte in:
| Príomhchruthaitheoir: | |
|---|---|
| Formáid: | Téacs |
| Clibeanna: |
Cuir clib leis
Níl clibeanna ann, Bí ar an gcéad duine le clib a chur leis an taifead seo!
|
MARC
| LEADER | 00000 a a2200000 04500 | ||
|---|---|---|---|
| 001 | 47858 | ||
| 003 | |||
| 040 | |||
| 100 | |a Torres-Rivas, Edelberto | ||
| 245 | |a La cuestion juvenil en Costa Rica |a Edelberto Torres-Rivas / |c Edelberto Torres-Rivas | ||
| 500 | |a También reimpresión en número 58 (1993) | ||
| 773 | |g número9, (1987), 69 páginas : tablas, gráficos | ||
| 999 | |c 34803 |d 34803 | ||
